000 00514nam a2200145 a 4500
008 120416s1969 ||||||||||||||||| || u
050 _aHB 71 Yan
100 _aYan, Chiou-Shuang
245 1 0 _aIntroduction to input-output economics
246 _aChiou-Shuang
260 _aNew York, Holt
_bRinehart and Winston
_c1969
300 _ax, 134p.
350 _a0.00
995 _D0.00
_FCBU-MAIN LIBRARY (Kitwe)
_H1
_I0.00
_UAVAILABLE
_ZMain Library Open Access Collection
999 _c47801
_d47801